| 000 | 00917nam a22002777a 4500 | ||
|---|---|---|---|
| 003 | OSt | ||
| 005 | 20231105131229.0 | ||
| 008 | 170705s2014 ua gr 000 0 ara d | ||
| 017 | _a2010 / 24919 | ||
| 020 | _a9789770927748 | ||
| 040 |
_aEG-ScBUE _bara _cEG-ScBUE |
||
| 082 | 0 | 4 |
_222 _a956.4001 _bم س ي |
| 100 | 1 |
_aمسيري، عبد الوهاب محمد، _d1938-2008. |
|
| 245 | 1 | 0 |
_aتاريخ الفكر الصهيوني : _bجذوره ومساره وأزمته / _cعبد الوهاب المسيري. |
| 250 | _aط. 2. | ||
| 260 |
_aالقاهرة : _bدار الشروق، _c2014. |
||
| 300 |
_a647 ص. ؛ _b27 سم. |
||
| 590 | _aسارة | ||
| 650 | 7 |
_2BUEsh _aالصهيونية _xتاريخ. |
|
| 651 | _2BUEsh | ||
| 653 |
_bGGEN _cJuly2017 |
||
| 942 |
_2ddc _hRDA-MOD |
||
| 999 |
_c24981 _d24953 |
||
| 336 |
_2rdacontent _aنص _btxt |
||
| 337 |
_aبدون وسيط _2rdamedia _bn |
||
| 338 |
_aمجلد _bnc _2rdacarrier |
||